000 01217nam a2200313 a 4500
001 000003208
003 DO-SdBNP
005 20221020153856.0
007 ta
008 090707s2008 dr c 000 0 spa d
020 _a9789945035032
040 _aDO-SdBNP
_bspa
_cBNPHU
082 4 _a628.1
_bM385o
_222
100 1 _aMartínez Hazim, Rafael Luis,
_d1979-
_910135
245 1 3 _aEl oro azul :
_bun recurso que no es inagotable /
_cRafael Luis Martínez Hazim
260 _aSanto Domingo :
_bFVA impresos y diseño gráfico,
_c2008.
300 _a178 p. :
_bretrs. ;
_c23 cm.
500 _aIncluye datos biográficos del autor en la página 162-163
500 _aInvestigación análitica de la situación del agua potable, a granel y embotellada, en la República Dominicana y otros países del mundo.
504 _aFuentes: pág. 125-152.
590 _aDos ejemplares autografíados por el autor
590 _aInventariado, 2022 / SA
650 4 _aPurificación del agua
_910136
650 4 _aAgua potable
_zRepública Dominicana
_910137
650 4 _aProcesos de potabilización del agua
_910138
651 4 _aRepública Dominicana
_xAbastecimiento De Agua
_910139
910 _aSaquino
942 _2ddc
_cLBS1
999 _c3039
_d3039